100 things to know about science / (Record no. 48235)
| 000 -LEADER | |
|---|---|
| fixed length control field | 00434nam a2200121 4500 |
| 020 ## - INTERNATIONAL STANDARD BOOK NUMBER | |
| International Standard Book Number | 9781409582182 |
| 100 ## - MAIN ENTRY--PERSONAL NAME | |
| Personal name | Frith, Alex, |
| Relator term | author. |
| 9 (RLIN) | 83589 |
| 245 ## - TITLE STATEMENT | |
| Title | 100 things to know about science / |
| Medium | written by Alex Frith, Minna Lacey,Jero Martin and Jonathan Melmoth. Illustrated by Federico Mariani and Jorge Martin. |
| 260 ## - PUBLICATION, DISTRIBUTION, ETC. (IMPRINT) | |
| Place of publication, distribution, etc | UAE: |
| Name of publisher, distributor, etc | Usborne; |
| Date of publication, distribution, etc | 2015. |
| 300 ## - PHYSICAL DESCRIPTION | |
| Extent | 127 pages. |
| 490 ## - SERIES STATEMENT | |
| Series statement | 100 things to know about |
| 942 ## - ADDED ENTRY ELEMENTS (KOHA) | |
| Source of classification or shelving scheme | |
| Koha item type | Book |
| Withdrawn status | Lost status | Source of classification or shelving scheme | Damaged status | Not for loan | Home library | Current library | Date acquired | Total Checkouts | Full call number | Barcode | Checked out | Date last seen | Date checked out | Price effective from | Koha item type |
|---|---|---|---|---|---|---|---|---|---|---|---|---|---|---|---|
| Logos International School | Logos International School | 01/28/2025 | 18 | J 500 FRI | 040290 | 05/04/2026 | 04/24/2026 | 04/24/2026 | 01/28/2025 | Book |